| 000 | 02023cam a2200481 i 4500 | ||
|---|---|---|---|
| 001 | 200468182 | ||
| 003 | TR-AnTOB | ||
| 005 | 20260417152934.0 | ||
| 007 | ta | ||
| 008 | 260417r19701966enk 000 0 eng | ||
| 010 | _a 67073804 | ||
| 015 |
_aGB6621240 _2bnb |
||
| 016 | 7 |
_a009026384 _2Uk |
|
| 020 |
_a0140480668 _q(paperback) |
||
| 020 | _a9780140480665 | ||
| 035 | _a(CLU)2151719-ucladb-Voyager | ||
| 035 |
_a(OCoLC)04104191 _z(OCoLC)963718500 _z(OCoLC)1051307027 _z(OCoLC)1172267407 |
||
| 035 | _a(OCoLC)ocm04104191 | ||
| 035 | _a(EXLNZ-01UCS_NETWORK)9912611547006531 | ||
| 035 | _a(TR-AnTOB)200468182 | ||
| 040 |
_aDLC _beng _erda _cISU _dUKM _dOCLCQ _dOCLCF _dOCLCQ _dOCLCO _dOCLCQ _dOCL _dCNUTO _dTXI _dLTU _dHUELT _dUKMGB _dOCLCA _dMM9 _dJABUK _dOCLCO _dOCLCA _dOCLCO _dOCLCQ _dOCLCO _dOCLCL _dOCLCQ _dOCLCL _dTR-AnTOB |
||
| 041 | 0 | _aeng | |
| 050 | 0 | 4 |
_aPS634 _b.N49 1970 |
| 080 | _a820(73)-21-822 | ||
| 090 |
_aPS634 _b.N49 1970 |
||
| 245 | 0 | 0 |
_aNew American drama / _cwith an introduction by Charles Marowitz. |
| 264 | 1 |
_aHarmondsworth : _bPenguin Books, _c1970. |
|
| 300 |
_a203 pages ; _c18 cm |
||
| 336 |
_atext _btxt _2rdacontent |
||
| 337 |
_aunmediated _bn _2rdamedia |
||
| 338 |
_avolume _bnc _2rdacarrier |
||
| 490 | 0 |
_aPenguin plays ; _vPL66 |
|
| 505 | 0 | _aThe American dream / Edward Albee -- Gallows humour / Jack Richardson -- The typists / Murray Schisgal -- Incident at Vichy / Arthur Miller. | |
| 650 | 0 |
_aAmerican drama _y20th century _9153712 |
|
| 700 | 1 |
_aMarowitz, Charles _ewriter of introduction _4win _0http://id.loc.gov/authorities/names/n79110174 _9153774 |
|
| 700 | 1 |
_iContainer of (work): _aAlbee, Edward, _d1928-2016. _tAmerican dream _9153674 |
|
| 700 | 1 |
_iContainer of (work): _aRichardson, Jack, _d1934-2012. _tGallows humour _9153775 |
|
| 700 | 1 |
_iContainer of (work): _aSchisgal, Murray, _d1926-2020. _tTypists _9153776 |
|
| 700 | 1 |
_iContainer of (work): _aMiller, Arthur, _d1915-2005. _tIncident at Vichy _9153724 |
|
| 942 |
_2lcc _cBK |
||
| 999 |
_c200468182 _d86394 |
||